| 000 | 00648nam a22002297a 4500 | ||
|---|---|---|---|
| 001 | BD-DhSAU 3663 | ||
| 003 | BD-DhSAU | ||
| 005 | 20170706145216.0 | ||
| 008 | 150208b1983 ii a||||r|||| 001 0 eng d | ||
| 040 | _aBD-DhSAU | ||
| 082 |
_222 _a631.84 _bKON |
||
| 100 | _aKoen'kov, D A | ||
| 245 |
_aNitrogen fertilizers / _cD A Koren'kov |
||
| 260 |
_aNew Delhi : _bOxonian Press Pvt. Ltd., _cc1983. |
||
| 300 |
_aviii, 309 p. : _bill. ; _c22 cm. |
||
| 504 | _aInclude bibliographical references and index. | ||
| 590 | _ajoy | ||
| 650 | _aSoil science. | ||
| 650 | _aNitrogen fertilizers. | ||
| 650 | _aAgricultural chemistry. | ||
| 942 |
_2ddc _cBOOK |
||
| 999 |
_c3663 _d3663 |
||